[Event "Eger Agria op"]
[Site "Eger"]
[Date "2005.07.28"]
[Round "5"]
[White "Babarczy, Peter"]
[Black "Puskas, Bence"]
[Result "1/2-1/2"]
[WhiteElo "1994"]
[BlackElo "1813"]
[PlyCount "42"]
[EventDate "2005.07.18"]
[EventType "swiss"]
[EventRounds "9"]
[EventCountry "HUN"]
[SourceTitle "EXT 2008"]
[Source "ChessBase"]
[SourceDate "2007.11.25"]
[SourceVersion "1"]
[SourceVersionDate "2007.11.25"]
[SourceQuality "1"]

1. e4 e5 2. Nf3 Nc6 3. Bb5 a6 4. Ba4 Nf6 5. 0-0 d6 6. Re1 b5 7. Bb3 Be7 8. c3 0-0 9. h3 Na5 10. Bc2 c5 11. d4 cxd4 12. cxd4 Qc7 13. d5 Nd7 14. Nbd2 Nb6 15. Nf1 f5 16. b3 fxe4 17. Bxe4 Bf5 18. Bxf5 Rxf5 19. Qd3 Raf8 20. Ng3 R5f7 21. Ne4 h6 1/2-1/2